<?xml version="1.0" encoding="UTF-8"?>
<record
    xmlns:xsi="http://www.w3.org/2001/XMLSchema-instance"
    xsi:schemaLocation="http://www.loc.gov/MARC21/slim http://www.loc.gov/standards/marcxml/schema/MARC21slim.xsd"
    xmlns="http://www.loc.gov/MARC21/slim">

  <leader>00776nam a22002417i 4500</leader>
  <datafield tag="999" ind1=" " ind2=" ">
    <subfield code="c">172950</subfield>
    <subfield code="d">172950</subfield>
  </datafield>
  <controlfield tag="003">PPAK</controlfield>
  <controlfield tag="005">20190602154103.0</controlfield>
  <controlfield tag="008">190602s2016    my  |||g |||| 00| j may d</controlfield>
  <datafield tag="020" ind1=" " ind2=" ">
    <subfield code="a">9789671389362</subfield>
    <subfield code="c">RM28.00</subfield>
    <subfield code="q">paperback</subfield>
  </datafield>
  <datafield tag="040" ind1=" " ind2=" ">
    <subfield code="a">PPAK</subfield>
    <subfield code="b">eng</subfield>
    <subfield code="c">PPAK</subfield>
    <subfield code="e">rda</subfield>
  </datafield>
  <datafield tag="082" ind1="0" ind2="4">
    <subfield code="2">23</subfield>
    <subfield code="a">899.233010803</subfield>
  </datafield>
  <datafield tag="090" ind1="0" ind2="0">
    <subfield code="a">899.233010803</subfield>
    <subfield code="b">RAJ</subfield>
    <subfield code="d">G</subfield>
  </datafield>
  <datafield tag="090" ind1="2" ind2="0">
    <subfield code="a">899.233010803</subfield>
    <subfield code="b">RAJ</subfield>
    <subfield code="d">KK</subfield>
  </datafield>
  <datafield tag="245" ind1="0" ind2="0">
    <subfield code="a">RAJAQNA - kami kembali - :</subfield>
    <subfield code="b">40 Cerpen Jdi Novel (C2N) /</subfield>
    <subfield code="c">Penyelenggara / Editor : Ilhami Hisham</subfield>
  </datafield>
  <datafield tag="264" ind1=" " ind2="1">
    <subfield code="a">Shah Alam, Selangor :</subfield>
    <subfield code="b">IBH Khidmat, </subfield>
    <subfield code="c">2016</subfield>
  </datafield>
  <datafield tag="300" ind1=" " ind2=" ">
    <subfield code="a">247 pages :</subfield>
    <subfield code="c">21 cm</subfield>
  </datafield>
  <datafield tag="336" ind1=" " ind2=" ">
    <subfield code="2">rdacontent</subfield>
    <subfield code="a">text</subfield>
  </datafield>
  <datafield tag="337" ind1=" " ind2=" ">
    <subfield code="2">rdamedia</subfield>
    <subfield code="a">unmediated</subfield>
  </datafield>
  <datafield tag="338" ind1=" " ind2=" ">
    <subfield code="2">rdacarrier</subfield>
    <subfield code="a">volume</subfield>
  </datafield>
  <datafield tag="650" ind1="1" ind2="0">
    <subfield code="a">Short stories, Malay</subfield>
  </datafield>
  <datafield tag="700" ind1="0" ind2=" ">
    <subfield code="a">Ilhami Hisham,</subfield>
    <subfield code="e">compiler.</subfield>
    <subfield code="e">editor.</subfield>
  </datafield>
  <datafield tag="942" ind1=" " ind2=" ">
    <subfield code="2">ddc</subfield>
    <subfield code="c">B</subfield>
  </datafield>
  <datafield tag="952" ind1=" " ind2=" ">
    <subfield code="0">0</subfield>
    <subfield code="7">0</subfield>
    <subfield code="b">PPAK</subfield>
    <subfield code="c">G</subfield>
    <subfield code="d">2019-06-10</subfield>
    <subfield code="o">899.233010803 RAJ</subfield>
    <subfield code="p">A01602998</subfield>
    <subfield code="r">2019-06-10 00:00:00</subfield>
    <subfield code="y">B</subfield>
  </datafield>
  <datafield tag="952" ind1=" " ind2=" ">
    <subfield code="0">0</subfield>
    <subfield code="7">1</subfield>
    <subfield code="b">PPAK</subfield>
    <subfield code="c">KK</subfield>
    <subfield code="d">2019-06-10</subfield>
    <subfield code="o">KK 899.233010803 RAJ</subfield>
    <subfield code="p">A01602999</subfield>
    <subfield code="r">2019-06-10 00:00:00</subfield>
    <subfield code="y">B</subfield>
  </datafield>
  <datafield tag="952" ind1=" " ind2=" ">
    <subfield code="0">0</subfield>
    <subfield code="7">1</subfield>
    <subfield code="b">SP</subfield>
    <subfield code="c">KK</subfield>
    <subfield code="d">2019-06-10</subfield>
    <subfield code="o">KK 899.233010803 RAJ</subfield>
    <subfield code="p">A01603000</subfield>
    <subfield code="r">2019-06-10 00:00:00</subfield>
    <subfield code="y">B</subfield>
  </datafield>
  <datafield tag="952" ind1=" " ind2=" ">
    <subfield code="0">0</subfield>
    <subfield code="7">1</subfield>
    <subfield code="b">LW</subfield>
    <subfield code="c">KK</subfield>
    <subfield code="d">2019-06-10</subfield>
    <subfield code="o">KK 899.233010803 RAJ</subfield>
    <subfield code="p">A01603002</subfield>
    <subfield code="r">2019-06-10 00:00:00</subfield>
    <subfield code="y">B</subfield>
  </datafield>
  <datafield tag="952" ind1=" " ind2=" ">
    <subfield code="0">0</subfield>
    <subfield code="7">1</subfield>
    <subfield code="b">KM</subfield>
    <subfield code="c">KK</subfield>
    <subfield code="d">2019-06-10</subfield>
    <subfield code="o">KK 899.233010803 RAJ</subfield>
    <subfield code="p">A01603003</subfield>
    <subfield code="r">2019-06-10 00:00:00</subfield>
    <subfield code="y">B</subfield>
  </datafield>
  <datafield tag="952" ind1=" " ind2=" ">
    <subfield code="0">0</subfield>
    <subfield code="7">1</subfield>
    <subfield code="b">BL</subfield>
    <subfield code="c">KK</subfield>
    <subfield code="d">2019-06-10</subfield>
    <subfield code="o">KK 899.233010803 RAJ</subfield>
    <subfield code="p">A01603004</subfield>
    <subfield code="r">2019-06-10 00:00:00</subfield>
    <subfield code="y">B</subfield>
  </datafield>
  <datafield tag="952" ind1=" " ind2=" ">
    <subfield code="0">0</subfield>
    <subfield code="7">1</subfield>
    <subfield code="b">BB</subfield>
    <subfield code="c">KK</subfield>
    <subfield code="d">2019-06-10</subfield>
    <subfield code="o">KK 899.233010803 RAJ</subfield>
    <subfield code="p">A01603005</subfield>
    <subfield code="r">2019-06-10 00:00:00</subfield>
    <subfield code="y">B</subfield>
  </datafield>
  <datafield tag="952" ind1=" " ind2=" ">
    <subfield code="0">0</subfield>
    <subfield code="7">1</subfield>
    <subfield code="b">MR</subfield>
    <subfield code="c">KK</subfield>
    <subfield code="d">2019-06-10</subfield>
    <subfield code="o">KK 899.233010803 RAJ</subfield>
    <subfield code="p">A01603006</subfield>
    <subfield code="r">2019-06-10 00:00:00</subfield>
    <subfield code="y">B</subfield>
  </datafield>
  <datafield tag="952" ind1=" " ind2=" ">
    <subfield code="0">0</subfield>
    <subfield code="7">1</subfield>
    <subfield code="b">YN</subfield>
    <subfield code="c">KK</subfield>
    <subfield code="d">2019-06-10</subfield>
    <subfield code="o">KK 899.233010803 RAJ</subfield>
    <subfield code="p">A01603007</subfield>
    <subfield code="r">2019-06-10 00:00:00</subfield>
    <subfield code="y">B</subfield>
  </datafield>
  <datafield tag="952" ind1=" " ind2=" ">
    <subfield code="0">0</subfield>
    <subfield code="7">1</subfield>
    <subfield code="b">SK</subfield>
    <subfield code="c">KK</subfield>
    <subfield code="d">2019-06-10</subfield>
    <subfield code="o">KK 899.233010803 RAJ</subfield>
    <subfield code="p">A01603008</subfield>
    <subfield code="r">2019-06-10 00:00:00</subfield>
    <subfield code="y">B</subfield>
  </datafield>
  <datafield tag="952" ind1=" " ind2=" ">
    <subfield code="0">0</subfield>
    <subfield code="7">1</subfield>
    <subfield code="b">KN</subfield>
    <subfield code="c">KK</subfield>
    <subfield code="d">2019-06-10</subfield>
    <subfield code="o">KK 899.233010803 RAJ</subfield>
    <subfield code="p">A01603009</subfield>
    <subfield code="r">2019-06-10 00:00:00</subfield>
    <subfield code="y">B</subfield>
  </datafield>
</record>
